000
00319nam a2200133Ia 4500
008
231129s1980||||xx |||||||||||||| ||spa||
040
_b
spa
082
_a
986.105 U76t
100
_a
Uribe Vargas Diego
245
0
_a
Temas de Diplomacia y de historia
260
_c
1980
264
_a
Banco Popular
942
_2
ddc
_c
BKS
999
_c
25158
_d
25158